<?xml version="1.0" encoding="UTF-8"?>
<record
    xmlns:xsi="http://www.w3.org/2001/XMLSchema-instance"
    xsi:schemaLocation="http://www.loc.gov/MARC21/slim http://www.loc.gov/standards/marcxml/schema/MARC21slim.xsd"
    xmlns="http://www.loc.gov/MARC21/slim">

  <leader>02124nam a2200325   4500</leader>
  <datafield tag="999" ind1=" " ind2=" ">
    <subfield code="c">6590</subfield>
    <subfield code="d">6590</subfield>
  </datafield>
  <controlfield tag="008">240228b           ||||| |||| 00| 0 spa d</controlfield>
  <datafield tag="022" ind1=" " ind2=" ">
    <subfield code="a">9789873016776</subfield>
  </datafield>
  <datafield tag="245" ind1="1" ind2="0">
    <subfield code="a">Revista de Derechos de da&#xF1;os :</subfield>
    <subfield code="b">responsabildad civil - II /</subfield>
    <subfield code="c">Jorge Mosset Iturraspe ; Ricardo Luis Lorenzetti directores.</subfield>
  </datafield>
  <datafield tag="260" ind1=" " ind2=" ">
    <subfield code="a">Buenos Aires :</subfield>
    <subfield code="b">Rubinzal Culzoni, </subfield>
    <subfield code="c">2025.</subfield>
  </datafield>
  <datafield tag="300" ind1=" " ind2=" ">
    <subfield code="a">683 p.</subfield>
    <subfield code="c">22 cm.</subfield>
  </datafield>
  <datafield tag="310" ind1=" " ind2=" ">
    <subfield code="a">cuatrimestral</subfield>
  </datafield>
  <datafield tag="362" ind1=" " ind2=" ">
    <subfield code="a">No.2 (2025)</subfield>
  </datafield>
  <datafield tag="505" ind1=" " ind2=" ">
    <subfield code="t">El da&#xF1;o resarcible. concepto. requisitos. indemnizaci&#xF3;n (enfoque conceptual /</subfield>
    <subfield code="r">Jorge Mario Gald&#xF3;s.</subfield>
  </datafield>
  <datafield tag="505" ind1=" " ind2=" ">
    <subfield code="t">La indemnizaci&#xF3;n frente al da&#xF1;o que cambia: un desaf&#xED;o para el derecho /</subfield>
    <subfield code="r">Adri&#xE1;n Morea.</subfield>
  </datafield>
  <datafield tag="505" ind1=" " ind2=" ">
    <subfield code="t">Indemnizaci&#xF3;n de las consecuencias no patrimoniales /</subfield>
    <subfield code="r">Leonel Javier Ciliberto.</subfield>
  </datafield>
  <datafield tag="505" ind1=" " ind2=" ">
    <subfield code="t">Indemnizaci&#xF3;n por fallecimiento /

</subfield>
    <subfield code="r"> Nicol&#xE1;s J. Negri.</subfield>
  </datafield>
  <datafield tag="505" ind1=" " ind2=" ">
    <subfield code="t">Da&#xF1;o moratorio. curso de los intereses /

</subfield>
    <subfield code="r"> Graciela Lovece.</subfield>
  </datafield>
  <datafield tag="505" ind1=" " ind2=" ">
    <subfield code="t">F&#xF3;rmulas empleadas para calcular la reparaci&#xF3;n por incapacidad: una explicaci&#xF3;n detallada /

</subfield>
    <subfield code="r">Mat&#xED;as Irigoyen Testa.</subfield>
  </datafield>
  <datafield tag="505" ind1=" " ind2=" ">
    <subfield code="t">Responsabilidad directa /
</subfield>
    <subfield code="r">Fernando Alfredo Sagarna.</subfield>
  </datafield>
  <datafield tag="505" ind1=" " ind2=" ">
    <subfield code="t">Da&#xF1;os causados por actos involuntarios - un enfoque moderno y sus proyecciones en el &#xE1;mbito judicial contempor&#xE1;neo /

</subfield>
    <subfield code="r"> Viviana Silvia Torello.</subfield>
  </datafield>
  <datafield tag="505" ind1=" " ind2=" ">
    <subfield code="t">Responsabilidad del principal por el hecho del dependiente en el art&#xED;culo 1753 del c&#xF3;digo civil y comercial de la naci&#xF3;n argentina /</subfield>
    <subfield code="r"> Marcial Soraz&#xE1;bal.</subfield>
  </datafield>
  <datafield tag="505" ind1=" " ind2=" ">
    <subfield code="t">Responsabilidad por el hecho de los hijos/as (padres, madres y otras personas encargadas) - del modelo de la presunci&#xF3;n de culpa al sistema objetivo de responsabilidad civil /</subfield>
    <subfield code="r">Aldo M. Di Vito.</subfield>
  </datafield>
  <datafield tag="505" ind1=" " ind2=" ">
    <subfield code="t">Responsabilidad por el hecho de las cosas y actividades riesgosas /

</subfield>
    <subfield code="r">Carlos Molina Sandoval.</subfield>
  </datafield>
  <datafield tag="505" ind1=" " ind2=" ">
    <subfield code="t">Algunos aspectos de la responsabilidad civil por da&#xF1;os producidos por animales /</subfield>
    <subfield code="r">Julieta B. Hauser y Federico A. Ossola.</subfield>
  </datafield>
  <datafield tag="650" ind1=" " ind2="0">
    <subfield code="9">3331</subfield>
    <subfield code="a">DA&#xD1;O</subfield>
  </datafield>
  <datafield tag="650" ind1=" " ind2="0">
    <subfield code="9">1467</subfield>
    <subfield code="a">RESPONSABILIDAD CIVIL</subfield>
  </datafield>
  <datafield tag="700" ind1=" " ind2=" ">
    <subfield code="9">528</subfield>
    <subfield code="a">Mosset Iturraspe, Jorge </subfield>
    <subfield code="e">director</subfield>
  </datafield>
  <datafield tag="700" ind1=" " ind2=" ">
    <subfield code="9">529</subfield>
    <subfield code="a">Lorenzetti, Ricardo Luis</subfield>
    <subfield code="e">director</subfield>
  </datafield>
  <datafield tag="942" ind1=" " ind2=" ">
    <subfield code="2">udc</subfield>
    <subfield code="c">PP</subfield>
  </datafield>
  <datafield tag="952" ind1=" " ind2=" ">
    <subfield code="0">0</subfield>
    <subfield code="1">0</subfield>
    <subfield code="2">udc</subfield>
    <subfield code="4">0</subfield>
    <subfield code="7">0</subfield>
    <subfield code="a">DJS</subfield>
    <subfield code="b">DJS</subfield>
    <subfield code="d">2026-03-05</subfield>
    <subfield code="p">6776</subfield>
    <subfield code="r">2026-03-05</subfield>
    <subfield code="w">2026-03-05</subfield>
    <subfield code="y">PP</subfield>
  </datafield>
</record>
